[Event "AUTO-INT-837"]
[Site "http://www.queenalice.com/game.php?id=503608"]
[Date "2008.12.5"]
[Round "2"]
[White "daf88"]
[Black "cyrilledeLePin"]
[Result "1-0"]
[WhiteElo "2026"]
[BlackElo "1897"]

1. e4 e6 2. d4 d5 3. c4 dxe4 4. Nc3 Nf6 5. f3 exf3 6. Nxf3 Bb4 7. Bd3 c5 8. d5
Bxc3+ 9. bxc3 exd5 10. cxd5 Nxd5 11. O-O Nc6 12. Ng5 Be6 13. Nxe6 fxe6 14. Qh5+
Kd7 15. Rf7+ Nde7 16. Bf4 g6 17. Qxc5 Qb6 18. Qxb6 axb6 19. Bg5 Raf8 20. Raf1
Rxf7 21. Rxf7 Ke8 22. Rf6 Kd7 23. Bb5 h6 24. Be3 Nd5 25. Rf7+ Kc8 26. Bd2 Na7
27. Bd7+ Kb8 28. Bxe6 Nc7 29. Bf4 Nb5 30. c4 Nd4 31. Bxc7+ Ka8 32. Bd5 b5 33.
Be5 Ne2+ 34. Kf2 Re8 35. Bxb7+ 1-0

[Event "AUTO-INT-837"]
[Site "http://www.queenalice.com/game.php?id=503611"]
[Date "2008.12.5"]
[Round "2"]
[White "lcristante"]
[Black "daf88"]
[Result "0-1"]
[WhiteElo "1779"]
[BlackElo "2076"]

1. e4 e6 2. d4 d5 3. Nc3 Nf6 4. Bg5 Be7 5. e5 Nfd7 6. Bxe7 Qxe7 7. Nb5 Nb6 8.
Bd3 a6 9. Nc3 c5 10. Qg4 g6 11. dxc5 Qxc5 12. Nf3 Nc6 13. O-O Bd7 14. Qg5 Qe7
15. Qh6 O-O-O 16. Qe3 Kc7 17. Rad1 Nc4 18. Bxc4 dxc4 19. Ne4 Kb8 20. Nd6 f6 21.
exf6 Qxf6 22. Qb6 Bc8 23. Nxc4 e5 24. Ncxe5 Rxd1 25. Nxc6+ Qxc6 26. Qxc6 Rxf1+
0-1

[Event "AUTO-INT-837"]
[Site "http://www.queenalice.com/game.php?id=503612"]
[Date "2008.12.5"]
[Round "2"]
[White "daf88"]
[Black "lcristante"]
[Result "0-1"]
[WhiteElo "2080"]
[BlackElo "1775"]

1. e4 c5 2. Nf3 e6 3. d4 cxd4 4. Nxd4 Nf6 5. Nc3 Bb4 6. Bd3 Nc6 7. Be3 d5 8.
Nxc6 Bxc3+ 9. bxc3 bxc6 10. e5 Nd7 11. Qg4 g6 12. O-O Nxe5 13. Qd4 f6 14. Be2
Qc7 15. f4 Nd7 16. Bg4 Qb6 17. Bxe6 Qxd4 18. Bxd4 Ke7 19. Rae1 Ba6 20. Rf2 Rhe8
21. Bxd5+ Kd6 22. Be4 f5 23. Be5+ Nxe5 24. fxe5+ Rxe5 25. Rd2+ Kc7 26. Red1 fxe4
27. Rd7+ Kb6 28. Rxh7 e3 29. Rb1+ Kc5 0-1

[Event "AUTO-MASTER-561"]
[Site "http://www.queenalice.com/game.php?id=542007"]
[Date "2009.2.17"]
[Round "3"]
[White "gero79"]
[Black "daf88"]
[Result "1-0"]
[WhiteElo "2250"]
[BlackElo "2089"]

1. e4 e6 2. Nf3 d5 3. exd5 exd5 4. d4 Bd6 5. Bd3 Bg4 6. Nc3 c6 7. O-O Ne7 8. Re1
Qc7 9. h3 Bh5 10. Bg5 f6 11. Be3 Nd7 12. a3 O-O-O 13. Na4 g5 14. b4 g4 15. Nh4
Rhg8 16. Nc5 gxh3 17. Qxh5 Nxc5 18. bxc5 Bh2+ 19. Kh1 hxg2+ 20. Nxg2 Rxg2 21.
Kxg2 Rg8+ 22. Kh1 Bf4 23. Bxf4 Qxf4 24. Rxe7 1-0

[Event "AUTO-MASTER-561"]
[Site "http://www.queenalice.com/game.php?id=542008"]
[Date "2009.2.17"]
[Round "3"]
[White "daf88"]
[Black "gero79"]
[Result "0-1"]
[WhiteElo "2069"]
[BlackElo "2276"]

1. e4 c5 2. Nf3 d6 3. d4 cxd4 4. Nxd4 Nc6 5. Nc3 Nf6 6. Be3 g6 7. f3 Bg7 8. Qd2
O-O 9. O-O-O a6 10. Bc4 b5 11. Bb3 Na5 12. h4 Nxb3+ 13. axb3 Bb7 14. h5 b4 15.
Nd5 Nxd5 16. exd5 Qa5 17. Qf2 Qa1+ 18. Kd2 Qxb2 19. hxg6 fxg6 20. Qh4 h5 21. Ne2
Rf5 22. Qxe7 Rc8 23. Qxb7 Rxc2+ 24. Ke1 Rxe2+ 25. Kf1 Rxe3 26. Qc8+ Rf8 27. Qxa6
Rfxf3+ 28. gxf3 Rxf3+ 29. Kg1 Qf2# 0-1

[Event "AUTO-OPEN-1059"]
[Site "http://www.queenalice.com/game.php?id=542670"]
[Date "2009.2.18"]
[Round "3"]
[White "daf88"]
[Black "Pato"]
[Result "1-0"]
[WhiteElo "2105"]
[BlackElo "2081"]

1. e4 Nc6 2. d4 e5 3. c3 Nf6 4. Bg5 Be7 5. Bxf6 Bxf6 6. d5 Ne7 7. c4 O-O 8. Nf3
Ng6 9. Nc3 d6 10. g3 c5 11. Bg2 a6 12. O-O Bd7 13. a4 Rb8 14. Ne1 b5 15. axb5
axb5 16. b3 bxc4 17. bxc4 Rb4 18. Qd3 Qa5 19. Rxa5 Rfb8 20. Nb5 1-0

[Event "AUTO-OPEN-1059"]
[Site "http://www.queenalice.com/game.php?id=542671"]
[Date "2009.2.18"]
[Round "3"]
[White "Pato"]
[Black "daf88"]
[Result "1-0"]
[WhiteElo "2056"]
[BlackElo "2073"]

1. e4 e6 2. Nf3 d5 3. Nc3 Nf6 4. d3 b6 5. Bg5 Be7 6. Qe2 O-O 7. O-O-O Bb7 8. h4
c5 9. e5 Nfd7 10. g4 Nc6 11. Bh3 Rc8 12. Bxe7 Qxe7 13. g5 a6 14. Kb1 b5 15. Rdg1
Nb6 16. h5 b4 17. Nd1 c4 18. g6 h6 19. Ne3 Na5 20. Ng4 b3 21. Nxh6+ gxh6 22. Qe3
bxc2+ 23. Ka1 f5 24. Qxh6 Qg7 25. Qg5 c3 26. h6 cxb2+ 27. Kxb2 Qc7 28. g7 Qc3+
29. Kc1 Qa1+ 30. Kd2 Qc3+ 31. Ke2 c1=N+ 32. Rxc1 Qb2+ 33. Ke3 Rxc1 34. h7+ Kxh7
35. Bxf5+ Kg8 36. Rh8+ 1-0

[Event "AUTO-OPEN-1059"]
[Site "http://www.queenalice.com/game.php?id=542672"]
[Date "2009.2.18"]
[Round "3"]
[White "daf88"]
[Black "rubenov"]
[Result "1-0"]
[WhiteElo "2096"]
[BlackElo "1966"]

1. e4 e5 2. Nc3 Nf6 3. f4 exf4 4. e5 Ng8 5. Nf3 Bb4 6. d4 Bxc3+ 7. bxc3 Ne7 8.
Bxf4 O-O 9. Bd3 Nd5 10. Bd2 d6 11. O-O Bg4 12. exd6 Qxd6 13. h3 Bh5 14. Qe1 Nc6
15. Qh4 Bg6 16. Bxg6 fxg6 17. Rae1 Rf4 18. Bxf4 1-0

[Event "AUTO-OPEN-1059"]
[Site "http://www.queenalice.com/game.php?id=542673"]
[Date "2009.2.18"]
[Round "3"]
[White "rubenov"]
[Black "daf88"]
[Result "0-1"]
[WhiteElo "1978"]
[BlackElo "2084"]

1. d4 Nf6 2. c4 e5 3. dxe5 Ng4 4. Qd4 d6 5. exd6 Nc6 6. Qe4+ Be6 7. dxc7 Qxc7 8.
Bf4 Bb4+ 9. Nc3 Qa5 10. Bd2 O-O 11. a3 Bc5 12. e3 Qc7 13. Nb5 Qe7 14. Nd4 Nf6
15. Qh4 Bxd4 16. exd4 Bxc4+ 0-1

[Event "AUTO-ADV-854"]
[Site "http://www.queenalice.com/game.php?id=549296"]
[Date "2009.3.2"]
[Round "3"]
[White "daf88"]
[Black "Chris93"]
[Result "1-0"]
[WhiteElo "2073"]
[BlackElo "2151"]

1. e4 d5 2. exd5 Nf6 3. c4 e6 4. d4 exd5 5. Nc3 Bb4 6. a3 Bxc3+ 7. bxc3 O-O 8.
Be2 Re8 9. Nf3 Nc6 10. O-O Ne4 11. Qc2 Bg4 12. h3 Bf5 13. Bd3 dxc4 14. Bxc4 Qd7
15. Bd3 1-0

[Event "AUTO-ADV-854"]
[Site "http://www.queenalice.com/game.php?id=549297"]
[Date "2009.3.2"]
[Round "3"]
[White "Chris93"]
[Black "daf88"]
[Result "0-1"]
[WhiteElo "2166"]
[BlackElo "2052"]

1. e4 e6 2. d4 d5 3. Be3 dxe4 4. f3 Nf6 5. Nc3 exf3 6. Nxf3 Bd6 7. Bd3 O-O 8.
O-O h6 9. Qd2 Ng4 10. Bf4 Nc6 11. h3 Nf6 12. Bxh6 gxh6 13. Qxh6 Re8 14. Ng5 Nxd4
15. Rxf6 Qd7 0-1

[Event "AUTO-OPEN-1052"]
[Site "http://www.queenalice.com/game.php?id=561620"]
[Date "2009.3.25"]
[Round "3"]
[White "daf88"]
[Black "Petita39"]
[Result "1-0"]
[WhiteElo "2044"]
[BlackElo "2070"]

1. e4 d6 2. d4 Nf6 3. Nc3 g6 4. f4 Bg7 5. Nf3 O-O 6. e5 dxe5 7. fxe5 Nd5 8. Bc4
c6 9. O-O e6 10. Ne4 Nd7 11. Nd6 1-0

[Event "AUTO-OPEN-1052"]
[Site "http://www.queenalice.com/game.php?id=561621"]
[Date "2009.3.25"]
[Round "3"]
[White "Petita39"]
[Black "daf88"]
[Result "0-1"]
[WhiteElo "2046"]
[BlackElo "2061"]

1. d4 Nf6 2. c4 e6 3. Nf3 Bb4+ 4. Bd2 a5 5. a3 Be7 6. Nc3 b6 7. e4 d5 8. cxd5
exd5 9. e5 Ne4 10. Bd3 Bb7 11. O-O O-O 0-1

[Event "Brasileirão"]
[Site "http://www.queenalice.com/game.php?id=566738"]
[Date "2009.4.4"]
[Round "3"]
[White "daf88"]
[Black "Tecodamara"]
[Result "0-1"]
[WhiteElo "2096"]
[BlackElo "2463"]

1. e4 c5 2. Nc3 e6 3. g3 Nc6 4. Bg2 Nf6 5. d3 Be7 6. f4 d6 7. Nf3 O-O 8. O-O a6
9. Ne2 Bd7 10. c3 Qc7 11. h3 b5 12. g4 Rfd8 13. Qe1 Rab8 14. f5 c4 15. Nf4 cxd3
16. g5 Ne8 17. g6 fxg6 18. fxg6 b4 19. gxh7+ Kxh7 20. Qg3 Kg8 21. Nxd3 bxc3 22.
bxc3 Qa5 23. e5 Qxc3 24. exd6 Bxd6 25. Qg6 Ne7 26. Qh5 Nf6 27. Qg5 Qxd3 28. Nh4
Qd4+ 29. Be3 Qe5 30. Rad1 Qh2+ 0-1

[Event "Challenge"]
[Site "http://www.queenalice.com/game.php?id=581000"]
[Date "2009.5.1"]
[Round "-"]
[White "daf88"]
[Black "Canaye"]
[Result "0-1"]
[WhiteElo "2094"]
[BlackElo "1939"]

1. e4 e6 2. d4 d5 3. c4 dxe4 4. Nc3 f5 5. f3 exf3 6. Nxf3 Nf6 7. Be2 Bb4 8. O-O
O-O 9. Bg5 h6 10. Bh4 g5 11. Bg3 Bxc3 12. bxc3 Ne4 13. Qc2 Nxg3 14. hxg3 b6 15.
Ne5 Bb7 16. g4 Be4 17. Qd2 Nd7 18. Nxd7 Qxd7 19. gxf5 exf5 20. Bd3 Bxd3 21. Qxd3
Rf6 22. Rae1 Raf8 23. Re5 f4 24. Rfe1 f3 25. gxf3 Rxf3 26. Qg6+ Qg7 27. Qh5 Rxc3
28. R1e4 Rc1+ 29. Kg2 Rc2+ 30. Kg3 Qf6 31. Re2 Qf4+ 32. Kg2 Qf1+ 33. Kg3 Qg1+
34. Kh3 Qh1+ 0-1

[Event "AUTO-INT-837"]
[Site "http://www.queenalice.com/game.php?id=583893"]
[Date "2009.5.6"]
[Round "3"]
[White "daf88"]
[Black "Joseilton"]
[Result "1-0"]
[WhiteElo "2087"]
[BlackElo "1783"]

1. e4 c5 2. Nc3 Nc6 3. g3 Nf6 4. Bg2 g6 5. d3 Bg7 6. f4 d5 7. exd5 Nb4 8. Nge2
Nbxd5 9. O-O Rb8 10. Ne4 O-O 11. N2c3 b6 12. h3 Bb7 13. Nxf6+ Bxf6 14. Ne4 Bd4+
15. Kh2 Bg7 16. f5 Nf6 17. Qe1 Qd4 18. g4 Nxe4 19. dxe4 Be5+ 20. Kh1 e6 21. c3
Qd7 22. Bh6 Bg7 23. Bxg7 Kxg7 24. f6+ Kh8 25. Rd1 Qc7 26. Qh4 Qe5 27. Qh6 Rg8
28. Rd7 Bxe4 29. Rxf7 g5 30. Re1 Bxg2+ 31. Kxg2 Qd5+ 32. Kf2 Qd3 33. Rxe6 Qg6
34. Qxg6 Rxg6 35. Ree7 Kg8 36. Rxa7 Rf8 37. Rxf8+ Kxf8 38. Rxh7 Rxf6+ 39. Kg2
Kg8 40. Rb7 Kf8 41. Kg3 Kg8 42. h4 gxh4+ 43. Kxh4 Kf8 44. g5 Rf2 45. Rxb6 Kg7
46. a4 Rh2+ 47. Kg3 Rh5 48. Kg4 Rh1 49. a5 Ra1 50. b4 cxb4 51. cxb4 1-0

[Event "AUTO-INT-837"]
[Site "http://www.queenalice.com/game.php?id=583894"]
[Date "2009.5.6"]
[Round "3"]
[White "Joseilton"]
[Black "daf88"]
[Result "1/2-1/2"]
[WhiteElo "1770"]
[BlackElo "2100"]

1. d4 Nf6 2. c4 e6 3. Nc3 Bb4 4. g3 c5 5. Nf3 Nc6 6. Bd2 cxd4 7. Nb5 d5 8. Nbxd4
Bxd2+ 9. Qxd2 Ne4 10. Nxc6 bxc6 11. Qd4 Qa5+ 12. Nd2 Ba6 13. Bg2 Qxd2+ 14. Qxd2
Nxd2 15. Kxd2 Bxc4 16. b3 Ba6 17. Rhc1 Bb7 18. Rc5 Kd7 19. Rac1 a5 20. a4 Rab8
21. e4 Ba8 22. exd5 exd5 23. Kc3 Rhe8 24. Bf3 Rb4 25. Rxa5 Reb8 26. Bd1 R4b6 27.
Ra7+ Ke8 28. Bc2 R6b7 29. Rxb7 Bxb7 30. Bxh7 g6 31. f4 Kf8 32. f5 Kg7 33. fxg6
fxg6 34. Bxg6 Kxg6 35. b4 Rh8 36. h4 Rf8 37. Rd1 Ba6 38. b5 Rf3+ 39. Rd3 Rxd3+
40. Kxd3 cxb5 41. axb5 Bxb5+ 42. Kd4 Bc6 43. g4 Bb7 44. Ke5 Bc8 45. h5+ Kg5 46.
Kxd5 Bxg4 47. Ke5 Bxh5 48. Ke4 Bf3+ 49. Kxf3 Kf5 1/2-1/2

[Event "Brasileirão"]
[Site "http://www.queenalice.com/game.php?id=592415"]
[Date "2009.5.22"]
[Round "4"]
[White "Lord_Lelis"]
[Black "daf88"]
[Result "0-1"]
[WhiteElo "1777"]
[BlackElo "2097"]

1. e4 e6 2. Nf3 d5 3. e5 c5 4. c3 Nc6 5. Bb5 Ne7 6. O-O a6 7. Qa4 Qb6 8. Bxc6+
Nxc6 9. Na3 Bd7 10. Qb3 Qxb3 0-1